J.R.R. Tolkien Quotes - Statistics

General Stats
  • This quiz has been taken 34 times
    15 since last reset
  • The average score is 9 of 20
Answer Stats
Quote % Correct
All we have to do is decide what to do with the {time} that is given to us.
85%
I will not say: do not weep; for not all tears are an {evil}.
85%
Not all those who {wander} are lost.
77%
Forth, and fear no {darkness}!
62%
It's the job that's never started as takes {longest} to finish.
62%
{Fair} speech may hide a foul heart.
54%
It's a dangerous business, Frodo, going out of your {door}.
54%
Then do not be too eager to deal out death in {judgement}.
54%
Courage is found in {unlikely} places.
46%
{Faithless} is he that says farewell when the road darkens.
46%
Where there's {life}. there's hope.
46%
Short cuts make long {delays}.
38%
If more of us valued food and {cheer} above hoarded gold, it would be a merrier world.
31%
It may be the part of a friend to rebuke a friend's {folly}.
31%
I will not say the day is done, nor bid the {stars} farewell.
31%
The {burned} hand teaches best.
31%
It is useless to meet {revenge} with {revenge}; it will heal nothing.
23%
Let him not {vow} to walk in the dark, who has not seen the nightfall.
23%
Above all {shadows} rises the sun.
15%
I have no {help} to send, therefore I must go myself.
15%
No matching quizzes found
Score Distribution
Percent of People with Each Score
Percentile by Number Answered
Your Score History
You have not taken this quiz since the last reset